Diccionario Jurídico Abeledo - Perrot (Registro nro. 376)
[ vista simple ]
| 000 -LEADER | |
|---|---|
| fixed length control field | 00767 a2200217 4500 |
| 001 - CONTROL NUMBER | |
| control field | 3859 |
| 005 - DATE AND TIME OF LATEST TRANSACTION | |
| control field | 20260407155431.0 |
| 008 - FIXED-LENGTH DATA ELEMENTS--GENERAL INFORMATION | |
| fixed length control field | 260407a1986 arg spa d |
| 003 - CONTROL NUMBER IDENTIFIER | |
| control field | AR-UNSa-BCEJYS |
| 040 ## - CATALOGING SOURCE | |
| Original cataloging agency | AR-UNSa-BCEJYS |
| Language of cataloging | spa |
| Transcribing agency | AR-UNSa-BCEJYS |
| 080 ## - UNIVERSAL DECIMAL CLASSIFICATION NUMBER | |
| Universal Decimal Classification number | (038)34 |
| Common auxiliary subdivision | Diccionario de Derecho |
| 020 ## - INTERNATIONAL STANDARD BOOK NUMBER | |
| International Standard Book Number | 950-20-0391-8 |
| 100 1# - MAIN ENTRY--PERSONAL NAME | |
| Personal name | Garrone, José Alberto |
| 245 10 - TITLE STATEMENT | |
| Title | Diccionario Jurídico Abeledo - Perrot |
| 264 #1 - PRODUCTION, PUBLICATION, DISTRIBUTION, MANUFACTURE, AND COPYRIGHT NOTICE | |
| Place of production, publication, distribution, manufacture | Buenos Aires : |
| Name of producer, publisher, distributor, manufacturer | Abeledo Perrot |
| Date of production, publication, distribution, manufacture, or copyright notice | 1986 |
| 300 ## - PHYSICAL DESCRIPTION | |
| Extent | 3 v. (818, 649, 626) |
| Dimensions | 23 cm. |
| 505 ## - FORMATTED CONTENTS NOTE | |
| Formatted contents note | Vol. 1: A-D<br/>Vol. 2: E-O<br/>Vol. 3: P-Z |
| 590 ## - LOCAL NOTE (RLIN) | |
| Local note | niveau_biblio:m niveau_hierar:0 |
| 856 41 - ELECTRONIC LOCATION AND ACCESS | |
| Uniform Resource Identifier | <a href="https://t0.gstatic.com/images?q=tbn:ANd9GcT0sJh3T6AajKUiX9PZWlOItTGORcUh7GjdHqoRsId1qvlsVi7HF_SOVG0">https://t0.gstatic.com/images?q=tbn:ANd9GcT0sJh3T6AajKUiX9PZWlOItTGORcUh7GjdHqoRsId1qvlsVi7HF_SOVG0</a> |
| Link text | Imagen de portada |
| Electronic format type | image/jpeg |
| 942 ## - ADDED ENTRY ELEMENTS (KOHA) | |
| Koha item type | |
| Withdrawn status | Lost status | Damaged status | Not for loan | Home library | Current library | Shelving location | Date acquired | Total checkouts | Full call number | Barcode | Date last seen | Price effective from | Koha item type |
|---|---|---|---|---|---|---|---|---|---|---|---|---|---|
| Biblioteca Prof. Eusebio Cleto del Rey | Biblioteca Prof. Eusebio Cleto del Rey | 07/04/2026 | R(038)34 G243 v.1 | L45769 | 07/04/2026 | 07/04/2026 | Libro | ||||||
| Biblioteca Prof. Eusebio Cleto del Rey | Biblioteca Prof. Eusebio Cleto del Rey | 07/04/2026 | R(038)34 G243 v.1 | L53866 | 07/04/2026 | 07/04/2026 | Libro | ||||||
| Biblioteca Prof. Eusebio Cleto del Rey | Biblioteca Prof. Eusebio Cleto del Rey | 07/04/2026 | R(038)34 G243 v.2 | L45770 | 07/04/2026 | 07/04/2026 | Libro | ||||||
| Biblioteca Prof. Eusebio Cleto del Rey | Biblioteca Prof. Eusebio Cleto del Rey | 07/04/2026 | R(038)34 G243 v.2 | L53867 | 07/04/2026 | 07/04/2026 | Libro | ||||||
| Biblioteca Prof. Eusebio Cleto del Rey | Biblioteca Prof. Eusebio Cleto del Rey | 07/04/2026 | R(038)34 G243 v.3 | L45771 | 07/04/2026 | 07/04/2026 | Libro | ||||||
| Biblioteca Prof. Eusebio Cleto del Rey | Biblioteca Prof. Eusebio Cleto del Rey | 07/04/2026 | R(038)34 G243 v.3 | L53868 | 07/04/2026 | 07/04/2026 | Libro |